000
00235nam a2200109Ia 4500
005
20251222143128.0
008
251222s9999||||xx |||||||||||||| ||spa||
082
_a
320.84/E56/1986
245
0
_a
ENDA'86
264
_b
CEDEP
942
_c
LIB
999
_c
11804
_d
11804